Lyrics to Wildest dreams - Statistics

General Stats
  • This quiz has been taken 18 times
  • The average score is 223 of 323
Answer Stats
Hint Answer % Correct
A
92%
Dreams,
92%
Dreams
92%
I
92%
The
92%
We
92%
Wildest
92%
And
83%
In
83%
To
83%
You
83%
Your
83%
Are
75%
Away
75%
Bad,
75%
City,
75%
Do”
75%
Get
75%
If
75%
It
75%
“Let’s
75%
Me
75%
My
75%
Of
75%
Out
75%
This
75%
Town
75%
As
67%
At
67%
Babe
67%
Begins
67%
But
67%
Can
67%
Cheeks
67%
Clothes
67%
Condition
67%
Crowds”
67%
Does
67%
Dress
67%
Drive
67%
Familiar
67%
From
67%
Gonna
67%
Hair,
67%
Hands
67%
Handsome
67%
Verse 1 He
67%
Hell
67%
Pre-chorus He’s
67%
His
67%
Is
67%
Just
67%
Last
67%
Lips
67%
Nice
67%
Night
67%
“No
67%
Now
67%
One
67%
Red
67%
Remember
67%
Request
67%
Room
67%
Rosy
67%
Said,
67%
Breakdown | Chorus Say
67%
So
67%
Sound
67%
Standing
67%
Staring
67%
Sunset,
67%
Tall
67%
Voice
67%
Well
67%
What
67%
You’ll
67%
Again
58%
All
58%
Burning
58%
Can’t
58%
Down
58%
End
58%
Even
58%
Follow
58%
Forever
58%
Has
58%
Heaven
58%
Help
58%
It’s
58%
Kiss
58%
Know
58%
Lasts
58%
Nothing
58%
Our
58%
See
58%
Take
58%
When
58%
With
58%
Around
50%
Getting
50%
Good
50%
Memories
50%
These
50%
Thought
50%
Very
50%
Bet
42%
Had
42%
Hindsight
42%
Leave
42%
Pretend
42%
Someday,
42%
Tangled
42%
Up
42%
We’ve
25%
No matching quizzes found
Score Distribution
Percent of People with Each Score
Percentile by Number Answered
Your Score History
You have not taken this quiz